Sunshine project : New energy research and development in Japan
Salvato in:
| Natura: | Libro |
|---|---|
| Lingua: | Undetermined |
| Pubblicazione: |
Tokyo
MITI
1979
|
| Soggetti: | |
| Tags: |
Aggiungi Tag
Nessun Tag, puoi essere il primo ad aggiungerne! !
|
| Thư viện lưu trữ: | Trung tâm Học liệu Trường Đại học Cần Thơ |
|---|
| LEADER | 00435nam a2200169Ia 4500 | ||
|---|---|---|---|
| 001 | CTU_98845 | ||
| 008 | 210402s9999 xx 000 0 und d | ||
| 082 | |a 551.527 | ||
| 082 | |b S958 | ||
| 245 | 0 | |a Sunshine project : | |
| 245 | 0 | |b New energy research and development in Japan | |
| 260 | |a Tokyo | ||
| 260 | |b MITI | ||
| 260 | |c 1979 | ||
| 650 | |a Sunshine | ||
| 904 | |i Truc | ||
| 980 | |a Trung tâm Học liệu Trường Đại học Cần Thơ | ||